000 00888nam a22002177a 4500
999 _c60965
_d60965
005 20251125233054.0
008 s2552 th tha d
020 _a9789748442792
040 _aNALT
041 _atha
090 _aKT42 ส239ป
_b 2552
100 0 _aเผ่าพันธ์ ชอบน้ำตาล
245 1 0 _aประมวลกฎหมายวิธีพิจารณาความอาญา (ฉบับใช้งาน)
260 3 _aกรุงเทพฯ :
_bเจริญรัฐการพิมพ์,
_c2552
300 _a269 หน้า ;
_b 29 ซม
650 0 4 _aกฎหมายวิธีพิจารณาความอาญา
850 _aNALT
856 4 0 _uhttps://hdl.handle.net/20.500.14156/302086
_71
942 _cLB
_2lcc